Canine ophthalmology /

Bibliographic Details
Main Author: Magrane, William G.
Format: Book
Language:English
Published: Philadelphia : Lea & Febiger, 1965.
Subjects:

MARC

Tag First Indicator Second Indicator Subfields
LEADER 00000cam a2200000 a 4500
001 in00004471821
005 20191202143051.0
008 790802s1965 paua b 001 0 eng
010 |a  65024803  
035 |a (OCoLC)05232278 
035 |z (UtOrBLW)11615 
035 |a 21416 
040 |a DLC  |c XDM  |d OCL  |d TMV  |d UtOrBLW 
049 |a TMVM  |c 1  |c 2 
096 |a SF 991  |b M212c 1965 
100 1 |a Magrane, William G. 
245 1 0 |a Canine ophthalmology /  |c William G. Magrane. 
264 1 |a Philadelphia :  |b Lea & Febiger,  |c 1965. 
300 |a 240 pages, 11 unnumbered leaves of plates :  |b illustrations (part. color) ;  |c 26 cm. 
336 |a text  |2 rdacontent  |b txt 
337 |a unmediated  |2 rdamedia 
338 |a volume  |2 rdacarrier  |b nc 
500 |a c.2: 1969 reprint. 
504 |a Includes bibliographical references and index. 
650 2 |a Dog Diseases. 
650 2 |a Eye Diseases  |x veterinary. 
650 2 |a Dogs. 
948 |a 2002 gift replaced original copy; 5/28/02 nb. 
999 |a MARS 
999 f f |s 57de1709-c342-333f-b48b-804bbefcf336  |i 59037d9a-9a87-307b-b05e-e1dc63defaaf  |t 0 
952 f f |p preservation  |a Texas A&M University  |b J.J. Pickle Campus  |c High Density Repository  |d Remote Storage  |t 0  |e SF 991 M212c 1965  |h National Library of Medicine classification  |i unmediated -- volume  |m 3238902262363 
998 f f |a SF 991 M212c 1965  |t 0  |l Remote Storage